Estrategias campesinas: un estudio de caso de la comuna de Llay Llay, Chile /
محفوظ في:
| المؤلف الرئيسي: | |
|---|---|
| التنسيق: | كتاب |
| اللغة: | Spanish |
| الوسوم: |
إضافة وسم
لا توجد وسوم, كن أول من يضع وسما على هذه التسجيلة!
|
MARC
| LEADER | 00000nam a22000007a 4500 | ||
|---|---|---|---|
| 003 | cru CIDCACS/IIS | ||
| 005 | 20170503153859.0 | ||
| 007 | ta | ||
| 008 | 170503s2016 cr ||||| |||| 00| 0 spa d | ||
| 040 | |c cru CIDCACS/IIS | ||
| 100 | 1 | |9 4444 |a González Cid, Claudia | |
| 245 | 1 | |a Estrategias campesinas: |b un estudio de caso de la comuna de Llay Llay, Chile / |c Claudia González Cid | |
| 300 | |a páginas 9-24 | ||
| 773 | 0 | |0 19251 |9 695 |a Universidad Nacional de Costa Rica. |d Heredia, Costa Rica UNA; EUNA |o R19099 |t Perspectivas Rurales / | |
| 942 | |2 ddc |c PP | ||
| 999 | |c 19254 |d 19254 | ||
